<?xml version="1.0" encoding="UTF-8"?>
<collection xmlns="http://www.loc.gov/MARC21/slim">
 <record>
  <leader>01486nam a2200217Ia 4500</leader>
  <controlfield tag="001">CTU_183296</controlfield>
  <controlfield tag="008">210402s9999    xx            000 0 und d</controlfield>
  <datafield tag="082" ind1=" " ind2=" ">
   <subfield code="a">330.9597</subfield>
  </datafield>
  <datafield tag="082" ind1=" " ind2=" ">
   <subfield code="b">Ch125</subfield>
  </datafield>
  <datafield tag="100" ind1=" " ind2=" ">
   <subfield code="a">Mai, Hiếu Bảo Châu</subfield>
  </datafield>
  <datafield tag="245" ind1=" " ind2="0">
   <subfield code="a">Đánh giá năng lực cạnh tranh của các doanh nghiệp công nghiệp nhỏ và vừa ở Thành phố Cần Thơ và Tỉnh Đồng Tháp :</subfield>
  </datafield>
  <datafield tag="245" ind1=" " ind2="0">
   <subfield code="b">Luận Văn thạc sĩ: Chuyên ngành: Quản trị kinh doanh</subfield>
  </datafield>
  <datafield tag="245" ind1=" " ind2="0">
   <subfield code="c">Mai Hiếu Bảo Châu ; Mai Văn Nam (Người hướng dẫn khoa học)</subfield>
  </datafield>
  <datafield tag="260" ind1=" " ind2=" ">
   <subfield code="a">Cần Thơ</subfield>
  </datafield>
  <datafield tag="260" ind1=" " ind2=" ">
   <subfield code="b">Đại học Cần Thơ</subfield>
  </datafield>
  <datafield tag="260" ind1=" " ind2=" ">
   <subfield code="c">2013</subfield>
  </datafield>
  <datafield tag="520" ind1=" " ind2=" ">
   <subfield code="a">Mục tiêu của đề tài nhằm phân tích thực trạng cạnh tranh và các nhân tố ảnh hưởng đến năng lực cạnh tranh của các Doanh nghiệp công nghiệp nhỏ và vừa ở Thành phố Cần Thơ và Tỉnh Đồng Tháp, đánh giá điểm mạnh điểm yếu, từ đó đề xuất các giải pháp nhằm nâng cao hiệu quả sản xuất kinh doanh và năng lực cạnh tranh của các Doanh nghiệp công nghiệp nhỏ và vừa ở Thành phố Cần Thơ và Đồng Tháp</subfield>
  </datafield>
  <datafield tag="650" ind1=" " ind2=" ">
   <subfield code="a">Năng lực cạnh tranh</subfield>
  </datafield>
  <datafield tag="904" ind1=" " ind2=" ">
   <subfield code="i">Tôn Trúc Quân</subfield>
  </datafield>
  <datafield tag="910" ind1=" " ind2=" ">
   <subfield code="a">Nguyên</subfield>
  </datafield>
  <datafield tag="980" ind1=" " ind2=" ">
   <subfield code="a">Trung tâm Học liệu Trường Đại học Cần Thơ</subfield>
  </datafield>
 </record>
</collection>
